000 00556nam a22002057a 4500
003 OSt
005 20160309131625.0
008 160309b xxu||||| |||| 00| 0 eng d
020 _a9780471358329
040 _cDDC
082 _a539.7 SAL 2007
100 _aSaleh, Bahaa E.A.; Carl, Teich Malvin
_97176
245 _aFundamentals of Photonics
250 _a2nd ed.
260 _aNew Jersey; John Wiley, 2007
300 _axix,1174p; col.ill: 26cm
504 _aAppendex, symbols, & index included
650 _aPhotonics
_94406
942 _2z
_cO_SHELF
999 _c3202
_d3202